000 00604cam a2200217 i 4500
001 178512
008 940303s1993 ch 000 0 chi d
020 _a957693107X(平裝) :
_c新臺幣250元
040 _bchi
_dPTTCL
041 0 _achi
050 _aBF637.C6
100 1 _a黃惠惠.
245 1 0 _a團體輔導工作概論 /
_c黃惠惠著.
250 _a初版.
260 _a臺北市 :
_b張老師,
_c民82[1993].
300 _a11,349 面 ;
_c21 公分.
490 1 _a團體輔導系列 ;
_v7.
504 _a參考書目: 面341-349.
650 0 _a輔導(教育)
_2csh.
942 _2lcc
_cBK
999 _c39137
_d39137